Statistiques concernant Le clan Senju

Cliquez ici pour prendre le quiz!

Statistiques générales

  • Ce quiz a été pris 20 fois
  • Le résultat moyen est 4 sur 9

Statistiques - réponses

Réponse% Correct
Hashirama
100%
Tobirama
100%
Tsunade
89%
Mito
21%
Nawaki
21%
Itama
16%
Kawarama
16%
Butsura
5%
Tôka
5%

Distribution des résultats

Percentile par nombre de réponses

% des personnes avec chaque résultat

Votre développement - résultats

Vous n’avez pas pris ce quiz